An introduction to chemical engineering: an elementary textbook for the use of students and users of chemical machinery

שמור ב:
מידע ביבליוגרפי
מחבר ראשי: Allen, Alfred Frederick (Author)
פורמט: ספר
שפה:אנגלית
יצא לאור: Londres Sir Isaac Pitman and Sons Ltd 1920
נושאים:
תגים: הוספת תג
אין תגיות, היה/י הראשונ/ה לתייג את הרשומה!

MARC

LEADER 00000cam a2200000 a 4500
001 UCG7920
003 CL-VaPUC
008 111021e19200000UK |||||||||||||||||eng|d
082 0 4 |a 660.2  |b ALL  |2 21 
100 0 |a Allen, Alfred Frederick  |e author  |9 558421 
245 1 3 |a An introduction to chemical engineering: an elementary textbook for the use of students and users of chemical machinery 
300 |a 272 p 
942 |c BK 
945 |d 20111021 00:00:00  |a dcastane 
260 |a Londres  |b Sir Isaac Pitman and Sons Ltd  |c 1920 
650 0 |a Química  |9 259896 
650 0 |a Tecnología química   |9 263002 
650 7 |a INDUSTRIA QUIMICA  |2 CL-VaPUC  |9 558422 
650 0 |a Química física  |9 260596 
650 0 |a Reacciones químicas  |9 259438 
650 0 |a Química orgánica   |9 259426 
650 0 |a Química inorgánica  |9 260154 
583 |a last modification  |c 20111021 10:47:00  |k Rodrigo Vera 
999 |c 345608  |d 345606 
952 |0 0  |1 0  |4 0  |6 660_200000000000000_ALL_1920  |7 0  |8 A  |9 444533  |a BIBING  |b BIBING  |d 2019-11-22  |i 4792734  |o 660.2 ALL 1920  |p 4792734  |r 2025-01-20  |w 2019-11-22  |y BK  |k EIQ